| 000 | 00519nam a2200205Ia 4500 | ||
|---|---|---|---|
| 008 | 170918s9999 xx 000 0 und d | ||
| 020 | _a9780545208093 | ||
| 050 | _bP233 2008 | ||
| 100 | _aParish, Herman | ||
| 245 | _aAmelia Bedelia and the cat / | ||
| 245 | _cHerman Parish ; pictures by Lynn Sweat. | ||
| 260 | _aNew York : | ||
| 260 | _bScholastic, | ||
| 260 | _c2008 | ||
| 300 | _a48 pages : | ||
| 300 | _bcolored illustration ; | ||
| 300 | _c23cm. | ||
| 440 | _aReading with help 2. | ||
| 500 | _a400 | ||
| 999 |
_c342423 _d342423 |
||